Principles of international environmental law / (Record no. 1037)

MARC details
000 -LEADER
fixed length control field 00903nam a2200253 a 4500
003 - CONTROL NUMBER IDENTIFIER
control field BD-DhJNU
005 - DATE AND TIME OF LATEST TRANSACTION
control field 20250102050028.0
008 - FIXED-LENGTH DATA ELEMENTS--GENERAL INFORMATION
fixed length control field 170609s2018 enk b 001 0 eng
020 ## - INTERNATIONAL STANDARD BOOK NUMBER
International Standard Book Number 9781108420952 (hardback)
020 ## - INTERNATIONAL STANDARD BOOK NUMBER
International Standard Book Number 9781108431125 (paperback)
040 ## - CATALOGING SOURCE
Original cataloging agency BD-DhJNU
Language of cataloging ENG
Transcribing agency BD-DhJNU
Modifying agency BD-DhJNU
082 00 - DEWEY DECIMAL CLASSIFICATION NUMBER
Classification number 344.046 SAP
Edition number 23
100 1# - MAIN ENTRY--PERSONAL NAME
Personal name Sands, Philippe
245 10 - TITLE STATEMENT
Title Principles of international environmental law /
Statement of responsibility, etc. Philippe Sands ... [et al.].
250 ## - EDITION STATEMENT
Edition statement 4th ed.
264 #1 - PRODUCTION, PUBLICATION, DISTRIBUTION, MANUFACTURE, AND COPYRIGHT NOTICE
Place of production, publication, distribution, manufacture Cambridge, United Kingdom ;
-- New York, NY, USA :
Name of producer, publisher, distributor, manufacturer Cambridge University Press,
Date of production, publication, distribution, manufacture, or copyright notice 2018.
300 ## - PHYSICAL DESCRIPTION
Extent lxviii, 968 pages ;
Dimensions 26 cm
504 ## - BIBLIOGRAPHY, ETC. NOTE
Bibliography, etc. note Includes bibliographical references and index.
650 #0 - SUBJECT ADDED ENTRY--TOPICAL TERM
Topical term or geographic name entry element Environmental law, International.
700 1# - ADDED ENTRY--PERSONAL NAME
Personal name Peel, Jacqueline,
Dates associated with a name 1974-
Relator term author.
700 1# - ADDED ENTRY--PERSONAL NAME
Personal name Fabra Aguilar, Adriana,
Dates associated with a name 1966-
Relator term author.
700 1# - ADDED ENTRY--PERSONAL NAME
Personal name MacKenzie, Ruth,
Dates associated with a name 1964-
Relator term author.
942 ## - ADDED ENTRY ELEMENTS (KOHA)
Koha item type Books
Holdings
Withdrawn status Lost status Source of classification or shelving scheme Damaged status Not for loan Collection Home library Current library Shelving location Date acquired Source of acquisition Total checkouts Full call number Barcode Date last seen Copy number Price effective from Koha item type
    Dewey Decimal Classification     Non-fiction Jagannath University Central Library Jagannath University Central Library General stacks 01/02/2025 Purchased   344.046 SAP JNUCL35203 01/02/2025 1 01/02/2025 Books